000 00416nam a2200133Ia 4500
008 211109s9999||||xx |||||||||||||| ||und||
082 _a894.8123
_bBAS-B
100 _aBasheer, Muhammad
245 0 _aBalya Kala Sakhi
260 _bSAHITHYA PRVARTHAKA SANGHAM
_aKottayam
_c1944
630 _xGeneral Stack
650 _aLiterature & rhetoric
_vmalayalam literaturemalayalam storiesLiterature
_xGeneralia
942 _cBOOK
999 _c33976
_d33976